Escola Industrial de Barcelona : estudis de tècnics industrials i de directors d'indústries en les especialitats mecànica, elèctrica i química estudis de tècnics industrials i de directors d'indústries en les especialitats mecànica, elèctrica i química
Descripción Física:
[8] p. : il. ; 25 cm
Otros Autores:
Escola Industrial de Barcelona
Materias:
Escola Industrial de Barcelona
MARC
| LEADER | 00000nam a2200000Ia 4500 | ||
|---|---|---|---|
| 001 | 22579 | ||
| 008 | 160829s1936 xx 000 0 cat d | ||
| 080 | |a RF-15-107 | ||
| 245 | |a Escola Industrial de Barcelona : |b estudis de tècnics industrials i de directors d'indústries en les especialitats mecànica, elèctrica i química | ||
| 260 | |a Barcelona : |b l'Escola, |c 1936 | ||
| 300 | |a [8] p. : |b il. ; |c 25 cm | ||
| 590 | |a Prové de 4218, exp. 16 | ||
| 610 | 2 | 0 | |a Escola Industrial de Barcelona |9 54682 |
| 700 | |a Escola Industrial de Barcelona | ||
| 856 | 4 | |u https://media.diba.cat/diba/fitxers/arxiu/fulletons/bib_22579_1936_baixa.pdf |y Accés lliure | |
| 856 | 4 | |u https://media.diba.cat/diba/fitxers/arxiu/fulletons/bib_22579_1936_baixa.pdf |y Accés lliure | |
| 901 | |a Arxiu | ||
| 942 | |n 1 |2 udc | ||
| 952 | |0 0 |1 0 |4 0 |6 RF15107 |7 1 |9 53993 |a Arxiu |b Arxiu |d 2016-12-01 |l 0 |o RF-15-107 |p 22579 |r 2016-12-01 00:00:00 |w 2016-12-01 |y ARXIU | ||
| 999 | |c 57860 |d 57860 | ||
| 900 | |a bib_22579_1936_baixa.pdf | ||